MCAT physics and math review / (Record no. 19762)

MARC details
000 -LEADER
fixed length control field 01231cam a2200337 4500
003 - CONTROL NUMBER IDENTIFIER
control field MUT
005 - DATE AND TIME OF LATEST TRANSACTION
control field 20250922150728.0
008 - FIXED-LENGTH DATA ELEMENTS--GENERAL INFORMATION
fixed length control field 170801s2016 nyua e 001 0 eng d
020 ## - INTERNATIONAL STANDARD BOOK NUMBER
International Standard Book Number 9780375427954
040 ## - CATALOGING SOURCE
Transcribing agency MUT
050 00 - LIBRARY OF CONGRESS CALL NUMBER
Classification number R 838.5
Item number .M33 2010
110 ## - MAIN ENTRY--CORPORATE NAME
Corporate name or jurisdiction name as entry element Princeton Review
245 00 - TITLE STATEMENT
Title MCAT physics and math review /
264 #1 - PRODUCTION, PUBLICATION, DISTRIBUTION, MANUFACTURE, AND COPYRIGHT NOTICE
Place of production, publication, distribution, manufacture New York :
Name of producer, publisher, distributor, manufacturer Random House Inc,
Date of production, publication, distribution, manufacture, or copyright notice 2010
650 #0 - SUBJECT ADDED ENTRY--TOPICAL TERM
Topical term or geographic name entry element Medical College Admission Test
Form subdivision Study guides.
650 #0 - SUBJECT ADDED ENTRY--TOPICAL TERM
Topical term or geographic name entry element Physics
General subdivision Examinations
Form subdivision Study guides.
650 #0 - SUBJECT ADDED ENTRY--TOPICAL TERM
Topical term or geographic name entry element Mathematics
General subdivision Examinations
Form subdivision Study guides.
650 #7 - SUBJECT ADDED ENTRY--TOPICAL TERM
Topical term or geographic name entry element Mathematics
General subdivision Examinations.
Source of heading or term fast
650 #7 - SUBJECT ADDED ENTRY--TOPICAL TERM
Topical term or geographic name entry element Medical College Admission Test.
Source of heading or term fast
650 #7 - SUBJECT ADDED ENTRY--TOPICAL TERM
Topical term or geographic name entry element Physics
General subdivision Examinations.
Source of heading or term fast
650 #7 - SUBJECT ADDED ENTRY--TOPICAL TERM
Topical term or geographic name entry element Mathematics
General subdivision Examinations
Form subdivision Study guides.
Source of heading or term sears
650 #7 - SUBJECT ADDED ENTRY--TOPICAL TERM
Topical term or geographic name entry element Physics
General subdivision Examinations
Form subdivision Study guides.
Source of heading or term sears
650 #7 - SUBJECT ADDED ENTRY--TOPICAL TERM
Topical term or geographic name entry element Medical College Admission Test
Form subdivision Study guides.
Source of heading or term sears
650 #7 - SUBJECT ADDED ENTRY--TOPICAL TERM
Topical term or geographic name entry element Medical colleges
General subdivision Entrance examinations
Form subdivision Study guides.
Source of heading or term sears
650 #7 - SUBJECT ADDED ENTRY--TOPICAL TERM
Topical term or geographic name entry element Medicine
General subdivision Examinations
Form subdivision Study guides.
Source of heading or term sears
655 #7 - INDEX TERM--GENRE/FORM
Genre/form data or focus term Examinations
Source of term fast
Authority record control number or standard number (OCoLC)fst01423780
655 #7 - INDEX TERM--GENRE/FORM
Genre/form data or focus term Study guides.
Source of term fast
Authority record control number or standard number (OCoLC)fst01423888
655 #7 - INDEX TERM--GENRE/FORM
Genre/form data or focus term Examinations.
Source of term lcgft
655 #7 - INDEX TERM--GENRE/FORM
Genre/form data or focus term Study guides.
Source of term lcgft
942 ## - ADDED ENTRY ELEMENTS (KOHA)
Source of classification or shelving scheme Library of Congress Classification
Koha item type Books
Holdings
Withdrawn status Lost status Source of classification or shelving scheme Damaged status Not for loan Home library Current library Shelving location Date acquired Source of acquisition Total checkouts Full call number Barcode Date last seen Price effective from Koha item type
    Library of Congress Classification     Murang'a University of Technology Library Murang'a University of Technology Library General stacks 10/07/2019 Donation-TFC   R838.5 .M33 2010 026803 30/08/2024 10/07/2019 Books
    Library of Congress Classification     Murang'a University of Technology Library Murang'a University of Technology Library General stacks 22/09/2025 Donation   R 838.5 .M33 2010 020702 22/09/2025 22/09/2025 Books